La metáfora del mirlo / (Record no. 190675)

MARC details
000 -LEADER
campo de control de longitud fija 01048nam a2200289 i 4500
001 - NÚMERO DE CONTROL
campo de control 190675
003 - IDENTIFICADOR DE NÚMERO DE CONTROL
campo de control ES-MaACL
005 - FECHA Y HORA DE LA ÚLTIMA TRANSACCIÓN
campo de control 20240229063327.0
008 - DATOS DE LONGITUD FIJA--INFORMACIÓN GENERAL
campo de control de longitud fija 220429s2020 sp 000 0bspa
020 ## - NÚMERO INTERNACIONAL ESTÁNDAR DEL LIBRO
Número Internacional Estándar del Libro 978-84-18079-49-8
080 ## - NÚMERO DE LA CLASIFICACIÓN DECIMAL UNIVERSAL
Número de la Clasificación Decimal Universal 929 Ojeda Escudero, Pedro
080 ## - NÚMERO DE LA CLASIFICACIÓN DECIMAL UNIVERSAL
Número de la Clasificación Decimal Universal 614.46:351.778(460)
100 1# - ENTRADA PRINCIPAL--NOMBRE DE PERSONA
Nombre de persona Ojeda Escudero, Pedro
9 (RLIN) 159412
245 13 - MENCIÓN DEL TÍTULO
Título La metáfora del mirlo /
Mención de responsabilidad, etc. Pedro Ojeda Escudero.
250 ## - MENCION DE EDICION
Mención de edición 1ª ed.
260 ## - PUBLICACIÓN, DISTRIBUCIÓN, ETC.
Lugar de publicación, distribución, etc. [León] :
Nombre del editor, distribuidor, etc. Editores descabezados :
-- Eolas & Menoslobos,
Fecha de publicación, distribución, etc. 2020.
300 ## - DESCRIPCIÓN FÍSICA
Extensión 183 p. ;
Dimensiones 21 cm.
490 1# - MENCIÓN DE SERIE
Mención de serie Narraciones de un naúfrago
600 14 - PUNTO DE ACCESO ADICIONAL DE MATERIA--NOMBRE DE PERSONA
Nombre de persona Ojeda Escudero, Pedro
9 (RLIN) 159412
650 #4 - PUNTO DE ACCESO ADICIONAL DE MATERIA--TÉRMINO DE MATERIA
Término de materia o nombre geográfico como elemento de entrada Confinamiento (Política sanitaria)
9 (RLIN) 174408
830 1# - PUNTO DE ACCESO ADICIONAL DE SERIE-TÍTULO UNIFORME
Título uniforme Narraciones de un naúfrago
9 (RLIN) 225932
852 4# - LOCALIZACIÓN
Ubicación ES-MaACL
Número de control de estantería A-14949
itemnumber 197856
Sublocalización o colección R.153038
Ubicación en estantería Depósito 1
Signatura antigua Olim: N-7949
Anotaciones manuscritas Dedicatoria autógrafa del autor
Donativo/Legado Donación: Pedro Ojeda Escudero
903 ## - NOMBRE PERSONAL DE DONANTE
a Ojeda Escudero, Pedro
e Donante
9 159412
942 ## - ELEMENTOS DE ENTRADA SECUNDARIOS (KOHA)
Fuente del sistema de clasificación o colocación Clasificación decimal universal
Tipo de ítem Koha Libro impreso
Holdings
Estatus retirado Estado de pérdida Fuente del sistema de clasificación o colocación Estado de daño No para préstamo Colección Biblioteca de origen Biblioteca actual Ubicación en estantería Fecha de adquisición Fuente de adquisición Total de préstamos Signatura topográfica completa Código de barras Visto por última vez Precio de reemplazo Tipo de ítem Koha Nota pública
    Clasificación decimal universal     Libros con dedicatorias Biblioteca del Ateneo de Madrid Biblioteca del Ateneo de Madrid Depósito 1 29/04/2022 Donación   A-14949 1202907 23/02/2023 23/02/2023 Libro impreso Dedicatoria autógrafa del autor